000
00213 a2200097 4500
001
6968
100
_a
Motamar Al Alam al Islam
245
_a
World Muslim gazetteer
260
_a
_b
Motamar
_c
090
_c
5752
_d
5752
942
_a
NUST-CAE
_c
M
_c
32214
999
_c
242041
_d
242041